|
|
|
|
| LEADER |
00000nam0a2200000 4500 |
| 001 |
13120 |
| 005 |
20231030184806.0 |
| 035 |
|
|
|a (RuTPU)RU\TPU\book\13201
|
| 035 |
|
|
|a BOOK00013269
|
| 090 |
|
|
|a 13120
|
| 100 |
|
|
|a 20011209d1999 m y0rusy50 ca
|
| 101 |
0 |
|
|a rus
|
| 102 |
|
|
|a RU
|
| 105 |
|
|
|a y j 000zy
|
| 200 |
1 |
|
|a Системное программное обеспечение. Дистанционное обучение
|h Ч. 1
|e учебное пособие
|f Б. А. Рыжков, И. Г. Смышляева, Н. В. Триханова
|g ТПУ ИДО
|
| 210 |
|
|
|a Томск
|c Изд-во ТПУ
|d 1999
|
| 215 |
|
|
|a 87 с.
|
| 610 |
1 |
|
|a программы
|
| 610 |
1 |
|
|a операционные системы
|
| 610 |
1 |
|
|a ресурсы
|
| 610 |
1 |
|
|a проблемы
|
| 610 |
1 |
|
|a учебные пособия
|
| 610 |
1 |
|
|a дистанционное обучение
|
| 675 |
|
|
|a 681.3.066(075.8)
|v 3
|
| 700 |
|
1 |
|a Рыжков
|b Б. А.
|g Борис Александрович
|
| 701 |
|
1 |
|a Смышляева
|b И. Г.
|g Ирина Геннадьевна
|
| 701 |
|
1 |
|a Триханова
|b Н. В.
|g Наталья Викторовна
|
| 712 |
0 |
2 |
|a Томский политехнический университет (ТПУ)
|b Институт дистанционного образования (ИДО)
|2 stltpush
|3 (RuTPU)RU\TPU\col\12625
|
| 801 |
|
0 |
|a RU
|b 63413507
|c 20011209
|g PSBO
|
| 801 |
|
2 |
|a RU
|b 63413507
|c 20221129
|g PSBO
|
| 942 |
|
|
|c BK
|